Statistiques concernant Personnes ayant donné leur nom à leur oeuvre

Cliquez ici pour prendre le quiz!

Statistiques générales

  • Ce quiz a été pris 653 fois
  • Le résultat moyen est 9 sur 18

Statistiques - réponses

InventionPersonne% Correct
Système d'écriture pour aveugles (1825)Louis {Braille}
93%
Récipient destiné aux déchets (1884)Eugène {Poubelle}
91%
Ballon gonflé à l'air chaud (1783)Joseph-Michel et Étienne-Jacques {Montgolfier}
83%
Alphabet télégraphique (1837)Samuel {Morse}
72%
Fusil d'assaut (1947)Mikhaïl {Kalachnikov}
71%
Revolver (1836)Samuel {Colt}
67%
Baignoire à remous (1968)Roy {Jacuzzi}
62%
Dirigeable (1895)Ferdinand von {Zeppelin}
54%
Couteau de poche (1890)Joseph {Opinel}
53%
Manière de tirer un penalty au football (1976)Antonín {Panenka}
52%
Sauce blanche française (1651)Louis de {Béchameil}
52%
Technique de revêtement des chaussées (1820)John Loudon {MacAdam}
33%
Moteur fonctionnant à l'huile vaporisée et comprimée (1897)Rudolf {Diesel}
30%
Formule non-toxique de mascara (1880)Eugène {Rimmel}
12%
Ruban adhésif (1860)Jonathan Edwards {Chatterton}
9%
Méthode d'exercice physique (1923)Joseph {Pilates}
7%
Gâteau lorrain aux oeufs (1755){Madeleine} Paulmier
6%
Pistolet automatique (1899)John Moses {Browning}
5%

Distribution des résultats

Percentile par nombre de réponses

% des personnes avec chaque résultat

Votre développement - résultats

Vous n’avez pas pris ce quiz